000 00806cam a2200133 4500500
005 20251012001425.0
041 _afre
042 _adc
100 1 0 _aCharillon, Frédéric
_eauthor
245 0 0 _aLa France peut-elle encore agir sur le monde?
260 _bArmand Colin,
_c2010.
520 _aEn ce début de XXIe siècle, la position de la France n’est plus la même sur la scène internationale. Les héritages historiques lui donnent encore un certain poids diplomatique. Cet essai offre un regard lucide sur la position de la France dans le monde et mesure les adaptations à mener pour inscrire l’action extérieure de la France sur la scène mondiale.
856 4 1 _uhttps://shs.cairn.info/la-france-peut-elle-encore-agir-sur-le-monde--9782200354800?lang=fr&redirect-ssocas=7080
999 _c1512534
_d1512534